| 000 | 00571nam a2200241 a 4500 | ||
|---|---|---|---|
| 001 | nice12345678 | ||
| 003 | IN_TiNIC | ||
| 005 | 20260116011520.0 | ||
| 008 | 050524s1912 lona grp 000 0 eng | ||
| 020 |
_a _c100 |
||
| 082 | 0 | 0 |
_a949.5 _bOMA |
| 100 | _aOman, C W C | ||
| 245 | _aByzantine Empire | ||
| 260 |
_aLondon _bG.P. Putnam`s Sons _c1912 |
||
| 300 | _a364p | ||
| 500 | _aincludes index and biblioraphy | ||
| 505 | 2 | _aIndex, Illus. | |
| 650 | _aByzantine Empire-History | ||
| 700 | 1 | _aOman, C W C | |
| 902 | _bSRS | ||
| 942 | _cBK | ||
| 999 |
_c2215 _d2215 |
||